All Quadeca Songs - Statistics

General Stats
  • This quiz has been taken 76 times
    36 since last reset
  • The average score is 42 of 144
Answer Stats
Group Answer % Correct
Vanisher, Horizon Scraper GODSTAINED
92%
Vanisher, Horizon Scraper MONDAY
92%
Vanisher, Horizon Scraper DANCING WITHOUT MOVING
84%
SCRAPYARD A LA CARTE
80%
Vanisher, Horizon Scraper AT A TIME LIKE THIS
80%
I Didn't Mean To Haunt You born yesterday
80%
SCRAPYARD GUIDE DOG
80%
Vanisher, Horizon Scraper NO QUESTIONS ASKED
80%
Vanisher, Horizon Scraper RUIN MY LIFE
80%
I Didn't Mean To Haunt You tell me a joke
80%
Vanisher, Horizon Scraper WAGING WAR
80%
Vanisher, Horizon Scraper CASPER
76%
I Didn't Mean To Haunt You cassini's division
76%
SCRAPYARD DUSTCUTTER
76%
I Didn't Mean To Haunt You fantasyworld
76%
Vanisher, Horizon Scraper FORGONE
76%
I Didn't Mean To Haunt You knots
76%
I Didn't Mean To Haunt You sorry4dying
76%
SCRAPYARD TEXAS BLUE
76%
Vanisher, Horizon Scraper THE GREAT BAKUNAWA
76%
From Me To You Sisyphus
72%
Vanisher, Horizon Scraper THAT'S WHY
72%
Vanisher, Horizon Scraper THUNDRRR
72%
I Didn't Mean To Haunt You fractions of infinity
68%
I Didn't Mean To Haunt You house settling
68%
Vanisher, Horizon Scraper NATURAL CAUSES
68%
SCRAPYARD GUESS WHO?
64%
Vanisher, Horizon Scraper I DREAM ABOUT SINKING
64%
I Didn't Mean To Haunt You picking up hands
64%
SCRAPYARD PRETTY PRIVILEGE
64%
SCRAPYARD EASIER
60%
SCRAPYARD I MAKE IT LOOK EFFORTLESS
60%
SCRAPYARD U DON'T KNOW ME LIKE THAT
60%
I Didn't Mean To Haunt You don't mind me
56%
From Me To You Summit Pt. 1
56%
From Me To You Summit Pt. 2
56%
I Didn't Mean To Haunt You the memories we lost in translation
52%
SCRAPYARD WAY TOO MANY FRIENDS
52%
SCRAPYARD BEING YOURSELF
48%
From Me To You Candles on Fire!
48%
SCRAPYARD U TRIED THAT THING WHERE UR HUMAN
48%
From Me To You Work!
48%
From Me To You Couloir (Intro)
44%
From Me To You Shades Of Us
44%
From Me To You Alone Together
40%
From Me To You Burning Bridges/Long Day
40%
SCRAPYARD EVEN IF I TRIED
40%
From Me To You People Pleaser
40%
SCRAPYARD UNDER MY SKIN
40%
SCRAPYARD WHAT'S IT TO HIM?
40%
From Me To You Where'd You Go?
40%
Singles BEAMIN'
36%
From Me To You Dasani
36%
Voice Memos The Man On My Left Shoulder
36%
Voice Memos War!
36%
Voice Memos Eyes
32%
From Me To You The Feeling Of Drifting Apart
32%
Voice Memos Uh Huh!
32%
From Me To You All My Life
28%
Voice Memos Ego Death
28%
From Me To You Maybe Another Day...
28%
From Me To You Smiling at the Ground
28%
Work In Progress Wii Music Fire
28%
From Me To You Back Up To Earth
24%
From Me To You It's All a Game
24%
From Me To You More Than Mine
24%
From Me To You Swallowed the Key (Interlude)
24%
Voice Memos A Dream I Can't Remember (Interlude)
20%
From Me To You Can't You See?
20%
From Me To You Hallstatt (Interlude)
20%
From Me To You Please Don't Wake Me Up
20%
Voice Memos Red Dot
20%
Nostalgia For The Now Nostalgia For The Now
16%
Voice Memos Rowboat (Interlude)
16%
Voice Memos These Days
16%
Voice Memos Unusual
16%
From Me To You Verglas (Interlude)
16%
Bad Internet Rapper 2016 Was a Bad Year
12%
Voice Memos Imagination
12%
Singles LIVE LIKE THIS
12%
Voice Memos Thank You Next
12%
Bad Internet Rapper 2020
8%
Out of Order Consensus
8%
Singles Easiest To Write
8%
Work In Progress Enchanted
8%
Out of Order Idgaf
8%
Out of Order Idontwannaspeakagain
8%
Bad Internet Rapper Lemon Tree
8%
Voice Memos Real Thing
8%
Out of Order Venting
8%
Out of Order Wonderful
8%
Work In Progress Work in Progress
8%
Bad Internet Rapper Benz
4%
Bad Internet Rapper Castaway
4%
Singles Cause He Has One
4%
Nostalgia For The Now Civil War
4%
Work In Progress Clouds
4%
Singles Clouted Up
4%
Work In Progress Daydreams
4%
Nostalgia For The Now Daydreams, Pt. 2
4%
Bad Internet Rapper Epidemic
4%
Out of Order Formula
4%
Out of Order Freestyle on a Thursday Afternoon
4%
Nostalgia For The Now Gametime
4%
Work In Progress Glory
4%
Singles HEART ATTACK
4%
Work In Progress Hell No
4%
Out of Order Hold Up
4%
Work In Progress Incline
4%
Work In Progress Jong and Ill
4%
Bad Internet Rapper Love/Trust
4%
Nostalgia For The Now Mind's Eye
4%
Out of Order No Chance
4%
Singles No Deal
4%
Work In Progress No Way
4%
Bad Internet Rapper $oldsoul
4%
Nostalgia For The Now One Day
4%
Work In Progress Only Just Met Her
4%
Nostalgia For The Now Rainy Day
4%
Bad Internet Rapper Red One Hundred Emoji
4%
Singles SCHOENBERG
4%
Nostalgia For The Now Sher
4%
Work In Progress Swimming
4%
Bad Internet Rapper Tropical Bars
4%
Singles Unscripted
4%
Singles VOLT
4%
Out of Order Who Would've Thought
4%
Nostalgia For The Now You Can't Rap
4%
Work In Progress All on My Own
0%
Bad Internet Rapper Ashes
0%
Out of Order Blocked
0%
Nostalgia For The Now Braggadocious
0%
Singles Dreamlife
0%
Singles Fish Outta Bicardi
0%
Singles I DON'T CARE
0%
Nostalgia For The Now Invite
0%
Work In Progress It All Remains
0%
Nostalgia For The Now I've Been Feeling Like
0%
Out of Order Migraine
0%
Work In Progress So Amazing
0%
Nostalgia For The Now The Least Listened Song on thee Album
0%
Nostalgia For The Now The Stolen Flow Experiment
0%
Singles TOMFOOLERY
0%
Nostalgia For The Now What I Gotta Put My Mind To
0%
No matching quizzes found
Score Distribution
Percent of People with Each Score
Percentile by Number Answered
Your Score History
You have not taken this quiz since the last reset